| 000 | 01139cab a22002055a 4500 | ||
|---|---|---|---|
| 001 | L143254 | ||
| 008 | 080421e20080419xxkd f s 000 0 eng d | ||
| 035 | _a(Sirsi) u143254 | ||
| 041 | 0 | _aeng | |
| 110 | 2 |
_aEstates Gazette _9298 |
|
| 245 | 0 | 0 | _aLondon offices market analysis |
| 260 | _c2008 | ||
| 490 |
_aEstates Gazette _v(0815) 19 April 2008, 83-98(18) |
||
| 490 |
_aEstates Gazette London Offices Market Analysis _v(issue 1) 19 April 2008, 1-17(18) |
||
| 520 | _aDiscusses take up, supply, availability rates, asking rents and construction trends for various locations within London. Reports that the market has undergone a subdued period in response to the credit crisis triggered by problems in the US sub-prime housing market. The impact may be hardened due to a significant amount of floor space caught up in the development supply pipeline. There was restrained activity in the investment field as well as in office takeup. Levels of supply fell due to a decreased amount of space being actively premarketed. | ||
| 590 | _aKA | ||
| 651 | 4 | _aLondon | |
| 690 | _aPROPERTY-OFFICE PROPERTY-OFFICE PROPERTY MARKET | ||
| 942 | _n0 | ||
| 999 |
_c80114 _d80114 |
||